1998-99 Premier League Final Table - Statistics

General Stats
  • This quiz has been taken 11 times
  • The average score is 10 of 20
Answer Stats
Position Team Won Drew Lost GF/GA GD Points % Correct
3 Chelsea 20 15 3 57/30 27 75
86%
1 Manchester United 22 13 3 80/37 43 79
86%
2 Arsenal 22 12 4 59/17 42 78
71%
6 Aston Villa 15 10 13 51/46 5 55
71%
4 Leeds United 18 13 7 62/34 28 67
71%
7 Liverpool 15 9 14 68/49 19 54
71%
5 West Ham United 16 9 13 46/53 -7 57
71%
8 Derby County 13 13 12 40/45 -5 52
57%
14 Everton 11 10 17 42/47 -5 43
57%
13 Newcastle United 11 13 14 48/54 -6 46
57%
19 Blackburn Rovers 7 14 17 38/52 -14 35
43%
10 Leicester City 12 13 13 40/46 -6 49
43%
9 Middlesbrough 12 15 11 48/54 -6 51
43%
12 Sheffield Wednesday 13 7 18 41/42 -1 46
43%
11 Tottenham Hotspur 11 14 13 47/50 -3 47
43%
15 Coventry City 11 9 18 39/51 -12 42
29%
20 Nottingham Forest 7 9 22 35/69 -34 30
29%
17 Southampton 11 8 19 37/64 -27 41
29%
16 Wimbledon 10 12 16 40/63 -23 42
29%
18 Charlton Athletic 8 12 18 41/56 -15 36
0%
No matching quizzes found
Score Distribution
Percent of People with Each Score
Percentile by Number Answered
Your Score History
You have not taken this quiz